Héroes del rock : Miguel Abuelo /

Recorrido por la trayectoria de Miguel Abuelo como uno de los fundadores del rock nacional. Opiniones de sus músicos y de Fito Páez. Sus bandas.

Guardado en:
Autor Corporativo: Secretaría de Cultura de la Nación.
Formato: Deslizar
Series:DNI
Materias:
Etiquetas: Agregar Etiqueta
Sin Etiquetas, Sea el primero en etiquetar este registro!
LEADER 00883ngm a22002295g 4500
001 CEM.cems022480
008 130507b2000##################0###0#####d
005 20241104203332.0
245 1 0 |a Héroes del rock :  |b Miguel Abuelo /  |c Secretaría de Cultura de la Nación. 
300 |a 29'. 
490 0 |a DNI 
500 |a En soporte VHS, consultar en ventanilla. 
538 |a Soporte: VHS - Norma: Pal N - Color: Si - Grabación DRD 2000 - Hitachi=5382 
520 |a Recorrido por la trayectoria de Miguel Abuelo como uno de los fundadores del rock nacional. Opiniones de sus músicos y de Fito Páez. Sus bandas. 
110 2 |a Secretaría de Cultura de la Nación. 
082 7 8 |/ DNI 
653 |a MUSICA 
653 |a ROCK 
653 |a ROCK NACIONAL 
653 |a NIVEL PRIMARIO 
653 |a NIVEL SECUNDARIO 
859 |a CEMS  |b BIB. CEMS - Depto. Recursos Didacticos  |h 782  |i DNI  |k DRD  |p 1123.12  |t Ej.1